000
00235nam a2200097Ia 4500
008
200302s9999 xx 000 0 und d
100
_a
Jordi Vigue
245
_a
Classical Furniture
260
_b
Arco Editotial Publisher
300
_a
208 P.,
999
_c
987
_d
987